Πιεζοηλεκτρική και μηχανική συμπεριφορά σύνθετων υλικών οπλισμένων με ίνες υάλου και ενισχυμένων με νανοσωλήνες άνθρακα στην πολυμερική μήτρα : διπλωματική εργασία

Αποθηκεύτηκε σε:
Λεπτομέρειες βιβλιογραφικής εγγραφής
Κύριος συγγραφέας: Λαζαρίδου, Ιλόνα
Συγγραφή απο Οργανισμό/Αρχή: Πανεπιστήμιο Αιγαίου Σχολή Επιστημών της Διοίκησης Τμήμα Μηχανικών Οικονομίας και Διοίκησης
Άλλοι συγγραφείς: Αλεξόπουλος, Νικόλαος (dgs [Επιβλέπων καθηγητής])
Μορφή: Thesis Βιβλίο
Γλώσσα:Greek
Δημοσίευση: 2014.
Θέματα:
Διαθέσιμο Online:http://hdl.handle.net/11610/8517
Ετικέτες: Προσθήκη ετικέτας
Δεν υπάρχουν, Καταχωρήστε ετικέτα πρώτοι!

MARC

LEADER 00000cam a2200000 a 4500
001 1/106721
008 150604s2014####gr | ||| |||| ||gre||
040 |a GR-MyUa  |b gre  |c GR-MyUa  |e AACR2 
041 0 |a gre 
082 7 |a 620.118   |2 (23)  
100 1 |a Λαζαρίδου, Ιλόνα. 
245 1 0 |a Πιεζοηλεκτρική και μηχανική συμπεριφορά σύνθετων υλικών οπλισμένων με ίνες υάλου και ενισχυμένων με νανοσωλήνες άνθρακα στην πολυμερική μήτρα :   |b διπλωματική εργασία /   |c Λαζαρίδου Ιλόνα ; επιβλέπων καθηγητής Νικόαλος Αλεξόπουλος.  
260 |c 2014.  
300 |a 74 σ. :   |b διαγρ., είκ., πίν. ;   |c 30 εκ.  
502 |a Πτυχιακή εργασία - Πανεπιστήμιο Αιγαίου, Χίος, 2014.  
504 |a Περιλαμβάνει βιβλιογραφία.  
506 1 |a Διάθεση πλήρους κειμένου ;   |d Μόνο σε μέλη του Πανεπιστημίου.  
650 0 |a Composite materials. 
650 0 |a Nanostructured materials. 
650 0 |a Nanotechnology. 
650 0 |a Glass fibers. 
700 1 |a Αλεξόπουλος, Νικόλαος,  |e dgs [Επιβλέπων καθηγητής] 
710 2 |a Πανεπιστήμιο Αιγαίου  |b Σχολή Επιστημών της Διοίκησης  |b Τμήμα Μηχανικών Οικονομίας και Διοίκησης. 
852 |a INST  |b CHIOS  |c DIATR  |e 20150604  |h 620.118 ΛΑΖ  |p 005200036776  |q 005200036776  |t DIE  |y 23 
852 |a INST  |b CHIOS  |c DIATR  |e 20150604  |h 620.118 ΛΑΖ  |p 005200037521  |q 005200037521  |t DIE  |y 23 
856 |u http://hdl.handle.net/11610/8517 
924 |a Λαζαρίδου   |b Ιλόνα   |y Χίος  |z 2014-11  
970 |a Παροικάκη   |b Βασιλική   |z 04-06-2015